000
00225nam a2200097Ia 4500
001
681489
005
20250826161401.0
008
250824s9999 xx 000 0 und d
245
0
_a
AYA YOLCULUK
_c
JULES VERNE
260
_b
PARILTI
999
_c
681489
_d
681489